000
00189 a2200097 4500
020
_a
9780794447724
041
_a
eng
100
_a
disney Baby
245
_a
A day Winnie the Pooh
942
_c
K
999
_c
30675
_d
30673